|
|
|
|
| LEADER |
02619nam a2200709 i 4500 |
| 001 |
nkc20203180588 |
| 003 |
CZ PrNK |
| 005 |
20200612113235.0 |
| 007 |
ta |
| 008 |
200312s2020 xr aeh e f 000 0 eng |
| 015 |
|
|
|a cnb003180588
|
| 020 |
|
|
|a 978-80-7037-322-4
|q (brožováno)
|
| 035 |
|
|
|a (OCoLC)1200247088
|
| 040 |
|
|
|a BOA001
|b cze
|e rda
|
| 041 |
1 |
|
|a eng
|b ger
|h cze
|
| 043 |
|
|
|a e-xr---
|b e-xr-pl
|2 czenas
|
| 072 |
|
7 |
|a 69
|x Stavebnictví
|2 Konspekt
|9 19
|
| 080 |
|
|
|a 069
|2 MRF
|
| 080 |
|
|
|a 069.5
|2 MRF
|
| 080 |
|
|
|a 69
|2 MRF
|
| 080 |
|
|
|a 691
|2 MRF
|
| 080 |
|
|
|a 69.05
|2 MRF
|
| 080 |
|
|
|a 69(091)
|2 MRF
|
| 080 |
|
|
|a (437.317)
|2 MRF
|
| 080 |
|
|
|a (036)
|2 MRF
|
| 100 |
1 |
|
|a Ebel, Martin,
|d 1960-
|7 ntka172341
|4 aut
|
| 245 |
1 |
0 |
|a Guide through the Centre for Building Heritage in Plasy of the National Technical Museum /
|c text authors: Martin Ebel, Pavel Kodera, Lukáš Hejný ; English translation: Igor Janovský
|
| 264 |
|
1 |
|a Prague :
|b National Technical Museum,
|c 2020
|
| 300 |
|
|
|a 210 stran :
|b ilustrace (převážně barevné), plány, faksimile ;
|c 25 cm
|
| 336 |
|
|
|a text
|b txt
|2 rdacontent
|
| 336 |
|
|
|a statický obraz
|b sti
|2 rdacontent
|
| 337 |
|
|
|a bez média
|b n
|2 rdamedia
|
| 338 |
|
|
|a svazek
|b nc
|2 rdacarrier
|
| 500 |
|
|
|a Přeloženo z češtiny
|
| 500 |
|
|
|a 500 výtisků
|
| 546 |
|
|
|a Německé resumé
|
| 610 |
2 |
7 |
|a Centrum stavitelského dědictví Plasy
|7 ko2016900500
|2 czenas
|
| 650 |
0 |
7 |
|a stálé expozice
|7 ph854721
|z Česko
|2 czenas
|
| 650 |
0 |
7 |
|a muzejní sbírky
|7 ph137908
|z Česko
|2 czenas
|
| 650 |
0 |
7 |
|a stavitelství
|7 ph126091
|2 czenas
|
| 650 |
0 |
7 |
|a stavební materiály
|7 ph116281
|2 czenas
|
| 650 |
0 |
7 |
|a stavební technologie
|7 ph126085
|2 czenas
|
| 650 |
0 |
7 |
|a dějiny stavebnictví
|7 ph508878
|2 czenas
|
| 650 |
0 |
9 |
|a permanent exhibitions
|z Czechia
|2 eczenas
|
| 650 |
0 |
9 |
|a museum collections
|z Czechia
|2 eczenas
|
| 650 |
0 |
9 |
|a architectural engineering
|2 eczenas
|
| 650 |
0 |
9 |
|a building materials
|2 eczenas
|
| 650 |
0 |
9 |
|a building technology
|2 eczenas
|
| 650 |
0 |
9 |
|a history of construction
|2 eczenas
|
| 651 |
|
7 |
|a Plasy (Česko)
|7 ge130431
|2 czenas
|
| 651 |
|
9 |
|a Plasy (Czechia)
|2 eczenas
|
| 655 |
|
7 |
|a průvodce
|7 fd133154
|2 czenas
|
| 655 |
|
9 |
|a guidebooks
|2 eczenas
|
| 700 |
1 |
|
|a Kodera, Pavel,
|d 1974-
|7 js20050404009
|4 aut
|
| 700 |
1 |
|
|a Hejný, Lukáš,
|d 1983-
|7 ola20191045368
|4 aut
|
| 700 |
1 |
|
|a Janovský, Igor
|4 trl
|
| 910 |
2 |
|
|a BOA001
|b 2-1445.566
|
| 928 |
9 |
|
|a Národní technické muzeum
|
| 990 |
|
|
|a BK
|
| 995 |
|
|
|a 01
|
| 991 |
|
|
|b 202005
|c NOV
|
| 996 |
6 |
|
|b 2610817927
|c 2-1445.566
|l MZK
|r Sklad / do 1 hodiny
|n 0
|p p.v.
|w 001787407
|u 000010
|a 1
|e BOA001
|j MZK50
|s P
|